000 00636nam a2200241Ia 4500
003 OSt
005 20220923224017.0
006 a|||||r|||| 00| 0
007 ta
008 Pun
024 _a224,038
037 _cTextual
040 _aARTS
_cARTS
_bPun
041 _2Pun
_aPun
082 _aL91:5, 153L0
100 _aਗਿੱਲ, ਜਸਵੰਤ
245 0 _aਬਾਲ ਵਰੇਸ
260 _aਦਿੱਲੀ
_b ਨਵਯੁਪਗ ਪਬਲੀFਰਗ਼
_c1970
300 _a220
_ccm.
650 _aਦਵਾਈ
942 _hL91:5, 153L0
_cTEXL
_2CC
999 _c368659
_d368659